| 000 | 00564nam a22001817a 4500 | ||
|---|---|---|---|
| 999 |
_c15173 _d15173 |
||
| 003 | AR-CdUCM | ||
| 008 | 190426b ||||| |||| 00| 0 spa d | ||
| 040 |
_aMUNICIPALIDAD PROVINCIAL DEL CUSCO _cBIBLIOTECA MUNICIPAL DEL CUSCO |
||
| 082 |
_aSI / 803.08 / _bK97 |
||
| 100 |
_aKutsera, Esteban L. _934200 |
||
| 245 | _aCuentos de hadas Hungaros / | ||
| 260 |
_aBarcelona : _bMolino, _c1958. |
||
| 300 |
_a112 paginas ; _bIlustraciones, _c29 cm. |
||
| 650 |
_aLiteratura infantil _9588 |
||
| 650 |
_aCuentos _9217 |
||
| 942 |
_2ddc _cLIBROS |
||
| 945 |
_arjall _d2019-04-26 |
||